000 00674nam a2200217Ia 4500
001 b4331-27314 [5505]
003 IT-MiCISF
008 161014s9999||||xx |||||||||||||| ||und||
040 _aIT-MiCISF
_cIT-MiCISF
041 _ait
100 _aBresciani Carlo
245 0 _aIl corpo un dono, un valore, un compito
250 _a1a ed.
260 _a Roma - Brescia
_bDehoniane, Roma; Istituto pro familia, Brescia
_c1997
300 _app. 240
500 _aCatena R., Ronchi L., Sacristani Mottinelli M. / educazione-sessuale, preadolescenza, corpo, adolescenza, valori /
650 _aeducazione
700 _aAA.VV.
942 _cBK
957 _71
999 _a27314
_bsi
_g1
_c212944
_d212944